000
00350pab a2200157 454500
008
180718b2008 xxu||||| |||| 00| 0 eng d
100
_a
Murahari, B.
245
_a
Teaching today for tomorrow
260
_c
2008
300
_a
p.10-15, 18.
362
_a
14 Apr
650
_a
Teaching
773
_a
University News
908
_a
N
909
_a
77803
999
_c
77803
_d
77803